Les zones du Crédit-Agricole - Statistiques

Statistiques générales
  • Ce quiz a été pris 71 fois
    66 depuis la dernière actualisation
  • Le résultat moyen est 7 sur 39
Statistiques - réponses
Réponse % Correct
Ile de France
61%
Normandie
46%
Aquitaine
29%
Corse
29%
Franche Comté
27%
Savoie
27%
Languedoc
24%
Centre Est
22%
Lorraine
22%
Nord de France
22%
Nord Est
22%
Toulouse
22%
Alsace Vosges
20%
Finistère
20%
Morbihan
20%
Anjou Maine
17%
Cotes d'Armor
17%
Sud Rhône-Alpes
17%
Centre France
15%
Ille et Vilaine
15%
Alpes Provence
12%
Centre Ouest
12%
Guadeloupe
12%
Nord Midi Pyrénées
12%
Réunion
12%
Atlantique Vendée
10%
Centre Loire
10%
Champagne Bourgogne
10%
Charente maritime Deux sèvres
10%
Charente Périgord
10%
Loire Haute-Loire
10%
Normandie Seine
10%
Provence Côte-d'Azur
10%
Sud Méditérranée
10%
Touraine Poitou
10%
Pyrénées Gascogne
7%
Val de France
7%
Brie Atlantique
5%
Martinique Guyane
2%
Aucun quiz correspondant
Distribution des résultats
% des personnes avec chaque résultat
Percentile par nombre de réponses
Votre historique - résultats
Vous n’avez pas pris ce quiz depuis la dernière actualisation